Circuitos de corriente alterna
محفوظ في:
| المؤلف الرئيسي: | |
|---|---|
| مؤلفون آخرون: | |
| التنسيق: | غير معروف |
| اللغة: | Spanish |
| منشور في: |
México : Continental,
1959
|
| الموضوعات: | |
| الوسوم: |
إضافة وسم
لا توجد وسوم, كن أول من يضع وسما على هذه التسجيلة!
|
MARC
| LEADER | 00000 a2200000 4500 | ||
|---|---|---|---|
| 003 | 002395 | ||
| 005 | 20221231143827.0 | ||
| 008 | 140114s1959 mx a 000 ||spa d | ||
| 040 | |c cru CEDI | ||
| 082 | |a 621.319.13 K39c | ||
| 100 | |a Kerchner, Russell Marion, n. 1899 |9 21495 | ||
| 245 | |a Circuitos de corriente alterna | ||
| 260 | |a México : Continental, |c 1959 | ||
| 300 | |a 709 páginas : ilustraciones | ||
| 650 | |x CIRCUITOS ELECTRICOS |9 21496 | ||
| 700 | |9 21494 |a Corcoran, George Francis, n. 1900 | ||
| 942 | |2 ddc |c BK | ||
| 999 | |c 12657 |d 12657 | ||
